[Event "V Stadium Casablanca Open"]
[Site "Zaragoza ESP"]
[Date "2011.12.26"]
[Round "4"]
[White "Franco Ocampos,Z"]
[Black "Mirzoev,A"]
[Result "1/2-1/2"]
[WhiteElo "2505"]
[BlackElo "2510"]

1.d4 Nf6 2.c4 g6 3.Nc3 Bg7 4.e4 d6 5.Nf3 O-O 6.Be2 e5 7.dxe5 dxe5 8.Qxd8 Rxd8
9.Nd5 Nxd5 10.cxd5 c6 11.Bc4 b5 12.Bb3 Bb7 13.Bg5  1/2-1/2

[Event "XLI Rilton Cup 2011-12"]
[Site "Stockholm SWE"]
[Date "2011.12.27"]
[Round "1"]
[White "Jansson,A"]
[Black "L'Ami,Alina"]
[Result "0-1"]
[WhiteElo "2106"]
[BlackElo "2364"]

1.Nf3 Nf6 2.c4 g6 3.Nc3 Bg7 4.e4 d6 5.d4 O-O 6.Be2 e5 7.Be3 exd4 8.Nxd4 Re8
9.f3 c6 10.Bf2 d5 11.exd5 cxd5 12.c5 Nc6 13.O-O Nh5 14.g3 Qg5 15.Kh1 Bh3
16.Rg1 Qe7 17.Nxc6 bxc6 18.Re1 Qb7 19.Qd2 Rab8 20.b3 Qb4 21.Rac1 Re6 22.Red1 Bxc3  0-1

[Event "48th Groningen Open A"]
[Site "Groningen NED"]
[Date "2011.12.28"]
[Round "7.8"]
[White "Plat,V"]
[Black "Brandenburg,D"]
[Result "1/2-1/2"]
[WhiteElo "2425"]
[BlackElo "2519"]

1.Nf3 Nf6 2.c4 g6 3.Nc3 Bg7 4.e4 d6 5.d4 O-O 6.Be2 e5 7.O-O exd4 8.Nxd4 Re8
9.f3 c6 10.Be3 d5 11.cxd5 Nxd5 12.Nxd5 cxd5 13.Rc1 dxe4 14.fxe4 Bxd4 15.Bxd4 Nc6
16.Bf6 Qxd1 17.Rfxd1 Be6 18.a3 Rac8 19.b4 Nb8 20.Bf3 Rxc1 21.Rxc1 Rc8 22.Rxc8+ Bxc8
23.Kf2 Kf8 24.Ke3 Be6 25.e5 b6 26.Bd8 Bd7 27.Bc7 Nc6 28.h4 h5 29.b5 Na5 30.a4 Ke8
31.Kf4 Nb3 32.Bb8 Nc5 33.Bxa7  1/2-1/2

[Event "Cracovia Open A"]
[Site "Krakow POL"]
[Date "2011.12.28"]
[Round "2.17"]
[White "Wemmers,X"]
[Black "Shilov,S"]
[Result "1/2-1/2"]
[WhiteElo "2411"]
[BlackElo "2188"]

1.d4 Nf6 2.c4 g6 3.Nc3 Bg7 4.e4 O-O 5.Nf3 d6 6.Be2 e5 7.Be3 exd4 8.Nxd4 Re8
9.f3 c6 10.Bf2 Nbd7 11.O-O a6 12.Qd2 d5 13.cxd5 cxd5 14.Nxd5 Nxd5 15.exd5 Nb6
16.Rfd1 Nxd5 17.Bc4 Nc7 18.Qf4 Qe7 19.Bh4 Be5 20.Bxe7 Bxf4 21.Bf6 Be5 22.Bxe5 Rxe5
23.Rac1 Re8 24.Bb3 Bd7 25.f4 Re7  1/2-1/2

[Event "Cracovia Open A"]
[Site "Krakow POL"]
[Date "2011.12.28"]
[Round "2.25"]
[White "Rawicz,K1"]
[Black "Wisniowska,K"]
[Result "1/2-1/2"]
[WhiteElo "2269"]
[BlackElo "2100"]

1.d4 Nf6 2.c4 g6 3.Nc3 Bg7 4.e4 d6 5.Nf3 O-O 6.Be2 e5 7.d5 a5 8.h3 Na6 9.Bg5 Qe8
10.Nd2 Kh8 11.h4 h6 12.Be3 Ng8 13.g4 f5 14.gxf5 gxf5 15.exf5 Bxf5 16.Bh5 Bg6
17.Bxg6 Qxg6 18.Nde4 Nf6 19.Nxf6 Rxf6 20.Qb1 Qg2 21.Qe4 Rf3 22.O-O-O Nc5
23.Rh2 Qxh2 24.Qxf3 Rf8 25.Qg4 Rxf2 26.Bxf2 Qxf2 27.h5 e4 28.Rd2 Nd3+ 29.Kc2 Nb4+
30.Kb3 Qxd2 31.Qc8+ Kh7 32.Qf5+  1/2-1/2

[Event "ch-AUS 2011-12"]
[Site "North Geelong AUS"]
[Date "2011.12.28"]
[Round "2.5"]
[White "Liu,Yi"]
[Black "Ly,Mo"]
[Result "0-1"]
[WhiteElo "2039"]
[BlackElo "2376"]

1.d4 Nf6 2.c4 g6 3.Nc3 Bg7 4.e4 d6 5.Nf3 O-O 6.Be2 e5 7.O-O Nbd7 8.Be3 Re8
9.d5 Nh5 10.a4 a5 11.Ne1 Nf4 12.Nd3 Nxe2+ 13.Qxe2 f5 14.f3 b6 15.b4 Nf6 16.bxa5 Rxa5
17.Nc1 Ra8 18.Nb3 Nh5 19.a5 Nf4 20.Qd2 Ba6 21.Nb5 Qd7 22.axb6 Bxb5 23.cxb5 Qxb5
24.Na5 Ne2+ 25.Kf2 cxb6 26.Rfb1 Qd7 27.Nc6 Nd4 28.Rxa8 Rxa8 29.Nxd4 exd4
30.Bxd4 fxe4 31.fxe4 b5 32.h3 Bxd4+ 33.Qxd4 Ra4 34.Rb4 Qf7+ 35.Ke2 Ra2+ 36.Rb2 Ra1
37.Qf2 Qc7 38.Kf3 Qc3+ 39.Kg4 Ra4 40.Re2 Qd3 41.Qf3 Qxd5 42.Kg3 Qe5+ 43.Kf2 Kg7
44.Re3 Ra2+ 45.Kg1 Ra1+ 46.Kf2 Qc5 47.Qe2 Rc1 48.Kg3 Rc2 49.Qf3 Qe5+ 50.Kh4 h6
51.Qg3 Qh5+  0-1

[Event "1st St Leon-Rot Open"]
[Site "Sankt Leon-Rot GER"]
[Date "2011.12.28"]
[Round "4"]
[White "Folkhard,Waltraud"]
[Black "Helbig,Daniel"]
[Result "0-1"]
[WhiteElo "1822"]
[BlackElo "2072"]

1.d4 Nf6 2.c4 g6 3.Nc3 Bg7 4.Nf3 O-O 5.e4 d6 6.Be2 Nbd7 7.O-O e5 8.d5 Nc5
9.Qc2 a5 10.Ne1 Nfd7 11.Nd3 f5 12.f3 f4 13.g4 h5 14.h3 Qh4 15.Rf2 Qxh3 16.Bd2 Nxd3
17.Qxd3 Nc5 18.Qb1 hxg4 19.Rh2 Qg3+ 20.Rg2 Qh4 21.fxg4 f3 22.Be1 Qg5 23.Bxf3 Rxf3
24.Qd1 Rh3 25.Nb5 Nxe4 26.Nxc7 Qe3+ 27.Bf2 Nxf2 28.Rxf2 Bxg4  0-1

[Event "Cracovia Open A"]
[Site "Krakow POL"]
[Date "2011.12.29"]
[Round "3.2"]
[White "Shishkin,Va UKR"]
[Black "Moranda,W"]
[Result "1/2-1/2"]
[WhiteElo "2449"]
[BlackElo "2568"]

1.d4 Nf6 2.c4 g6 3.Nc3 Bg7 4.e4 d6 5.Be2 O-O 6.Nf3 e5 7.Be3 Na6 8.O-O c6
9.h3 exd4 10.Nxd4 Re8 11.Bf3 Nc5 12.Qc2 Qe7 13.Rfe1 a5 14.Rad1 Nfd7  1/2-1/2

[Event "Cracovia Open A"]
[Site "Krakow POL"]
[Date "2011.12.29"]
[Round "3.22"]
[White "Polajzer,D"]
[Black "Llopis de Aysa,M"]
[Result "1-0"]
[WhiteElo "2301"]
[BlackElo "2156"]

1.Nf3 d6 2.d4 g6 3.c4 Bg7 4.Nc3 Nd7 5.e4 e5 6.Be2 Ngf6 7.O-O O-O 8.Qc2 Nh5
9.dxe5 dxe5 10.g3 c6 11.Rd1 Qe7 12.Be3 Nhf6 13.Na4 Ne8 14.c5 f5 15.exf5 gxf5
16.Bg5 Ndf6 17.Bc4+ Kh8 18.Qc3 e4 19.Nh4 Nc7 20.Rd6 Nb5 21.Qd2 Nxd6 22.cxd6 Qe8
23.Nc5 Ng4 24.Bb3 Bf6 25.Bxf6+ Rxf6 26.Qc3 Ne5 27.f4 exf3 28.Re1 f2+ 29.Kxf2 Ng4+
30.Kg1 Qd8 31.h3  1-0

[Event "Cracovia Open A"]
[Site "Krakow POL"]
[Date "2011.12.29"]
[Round "3.20"]
[White "Solys,L"]
[Black "Marek,Mar"]
[Result "1-0"]
[WhiteElo "2335"]
[BlackElo "2151"]

1.d4 Nf6 2.c4 g6 3.Nc3 Bg7 4.e4 d6 5.Nf3 O-O 6.Be2 e5 7.Be3 Ng4 8.Bg5 f6
9.Bh4 Nc6 10.d5 Ne7 11.Nd2 h5 12.h3 Nh6 13.f3 g5 14.Bf2 g4 15.hxg4 hxg4 16.Be3 Kh7
17.fxg4 Rh8 18.Nf1 Kg6 19.g5 Ng4 20.Rxh8 Qxh8 21.Bxg4 Qh4+ 22.g3 Qxg4 23.Qxg4 Bxg4
24.gxf6 Bxf6 25.Rc1 a6 26.Rc2 Rh8 27.Rh2 Bh3 28.Nd2 Bg4 29.Rxh8 Bxh8 30.b4 Ng8
31.c5 Bf6 32.a4 Bd8 33.Nc4 Be7 34.a5 Bd7 35.cxd6 cxd6 36.Ba7 Nf6 37.Bb8 Ne8
38.Nd1 Bb5 39.Nde3 Bf8 40.Kf2 Kg5 41.Kf3 Kh5 42.Nb2 Bh6 43.Nf5 Bc1 44.Nd1 Bd2
45.Nxd6 Bd7 46.Ne3 Bxb4 47.Ndc4 Nf6 48.Bxe5 Nh7 49.Bf4 Kg6  1-0

[Event "10th Nantes Open"]
[Site "Nantes FRA"]
[Date "2011.12.29"]
[Round "6.5"]
[White "Ivanov,Jo"]
[Black "Kurayan,R"]
[Result "0-1"]
[WhiteElo "2418"]
[BlackElo "2358"]

1.d4 Nf6 2.c4 g6 3.Nc3 Bg7 4.e4 d6 5.Nf3 O-O 6.Be2 e5 7.d5 a5 8.h3 Na6 9.Bg5 Bd7
10.Nd2 Nc5 11.b3 Qe8 12.a3 h6 13.Be3 Ncxe4 14.Ndxe4 Nxe4 15.Nxe4 f5 16.Bd3 fxe4
17.Bxe4 Bf5 18.Qd3 Bxe4 19.Qxe4 Rf4 20.Qc2 Rf5 21.O-O b6 22.Qe4 Kh7 23.a4 Qf7
24.Ra2 Rf8 25.Kh2 Qf6 26.Rb1 h5 27.b4 axb4 28.Rxb4 Bh6 29.a5 Bxe3 30.fxe3 bxa5
31.Rxa5 Rf1 32.Rb1 Rxb1 33.Qxb1 Qf2 34.Qg1 Qe2 35.Ra1 Qxc4 36.Qc1 Qxc1 37.Rxc1 Rf7
38.h4 g5 39.g4 gxh4 40.Kh3 hxg4+ 41.Kxg4 Rg7+ 42.Kxh4 Kg8 43.Kh5 Kf8 44.Kh6 Re7
45.e4 Ke8 46.Kg6 Kd7 47.Rf1 c6 48.dxc6+ Kxc6 49.Rc1+ Kd7 50.Ra1 Ke6 51.Ra8 Rc7
52.Re8+ Kd7 53.Ra8 Rc3 54.Ra7+ Ke6 55.Kg7 Rc4  0-1

[Event "V Stadium Casablanca Open"]
[Site "Zaragoza ESP"]
[Date "2011.12.30"]
[Round "8"]
[White "Lopez Gracia,F"]
[Black "Castillo Sanjuan,A"]
[Result "1-0"]
[WhiteElo "2336"]
[BlackElo "2037"]

1.Nf3 d6 2.d4 Nf6 3.c4 g6 4.Nc3 Bg7 5.e4 O-O 6.Be2 Nbd7 7.O-O e5 8.Re1 a5
9.Bf1 Re8 10.dxe5 Nxe5 11.Nxe5 Rxe5 12.Bf4 Re8 13.Qd2 Be6 14.Rad1 Ng4 15.f3 Ne5
16.b3 Nc6 17.Nd5 Kh8 18.Kh1 Nd4 19.Bg5 f6 20.Nxf6 Nxf3 21.Nxe8 Nxg5 22.Nxg7 Kxg7
23.e5 Bf5 24.exd6 cxd6 25.Qxd6 Qxd6 26.Rxd6 Ne4 27.Rd4 Nc3 28.Bd3 Nxa2 29.Bxf5 gxf5
30.Rd7+  1-0

[Event "Northern California International"]
[Site "Fremont USA"]
[Date "2012.01.02"]
[Round "1"]
[White "Arnold,Mar"]
[Black "Lee,Andy"]
[Result "1-0"]
[WhiteElo "2482"]
[BlackElo "2256"]

1.d4 Nf6 2.c4 g6 3.Nf3 Bg7 4.Nc3 O-O 5.e4 d6 6.Be2 e5 7.Be3 c6 8.Qd2 exd4
9.Nxd4 Re8 10.f3 d5 11.exd5 cxd5 12.c5 Nc6 13.Bf2 Nh5 14.O-O Be5 15.g3 Ng7
16.Bb5 Bd7 17.Bxc6 bxc6 18.Rfe1 Qa5 19.Nb3 Qc7 20.f4 Bf6 21.Bd4 Bxd4+ 22.Nxd4 Rab8
23.b4 Ne6 24.Rac1 Nxd4 25.Qxd4 Rxe1+ 26.Rxe1 Re8 27.Rxe8+ Bxe8 28.a4 Qe7
29.Kf2 f6 30.b5 Kf7 31.b6 Qb7 32.g4 h6 33.h4 Bd7 34.g5 hxg5 35.hxg5 fxg5
36.fxg5 Bf5 37.Qh8 Bd7 38.Qf6+ Ke8 39.Qxg6+ Kf8 40.Qf6+ Kg8 41.g6 Bc8 42.g7 Qxg7
43.Qxg7+ Kxg7 44.bxa7  1-0

[Event "5th Costa Viola Open A"]
[Site "Palmi ITA"]
[Date "2012.01.02"]
[Round "2"]
[White "Pierandrei,C"]
[Black "Gregori,Giacomo"]
[Result "1-0"]
[WhiteElo "1960"]
[BlackElo "2023"]

1.Nf3 Nf6 2.c4 g6 3.Nc3 Bg7 4.e4 d6 5.d4 O-O 6.Be2 e5 7.O-O exd4 8.Nxd4 Re8
9.f3 Nc6 10.Nc2 Ne5 11.Be3 Be6 12.b3 Nc6 13.Qd2 Nh5 14.g4 Nf6 15.Rac1 Qd7
16.Nd5 Ne5 17.g5 Nxd5 18.cxd5 Bh3 19.Rf2 f5 20.gxf6 Bxf6 21.Bg5 Bg7 22.Nd4 a6
23.Bf1 Rac8 24.Rc3 Bxf1 25.Rxf1 Nf7 26.Be3 c5 27.dxc6 bxc6 28.Rcc1 d5 29.Ne2 Qe7
30.Ng3 dxe4 31.fxe4 Qe6 32.Qd3 Ne5 33.Qxa6 Qg4 34.Rf4 Qd7 35.Rff1 Qg4 36.Rc2 Nf3+
37.Kg2 Nh4+ 38.Kh1 Rf8 39.Qc4+ Kh8 40.Rcf2 Rf3 41.Bd4 Rcf8 42.Bxg7+ Kxg7
43.Qd4+ Kh6 44.Qd2+ Kg7 45.Nf5+ gxf5 46.Rg1 Qxg1+ 47.Kxg1 fxe4 48.Qg5+ Ng6
49.Rxf3 Rxf3 50.h4 h6 51.Qg4 Rf4 52.Qd7+ Rf7 53.Qd4+  1-0

[Event "XLI Rilton Cup 2011-12"]
[Site "Stockholm SWE"]
[Date "2012.01.02"]
[Round "6"]
[White "L'Ami,E"]
[Black "Shimanov,A"]
[Result "0-1"]
[WhiteElo "2594"]
[BlackElo "2549"]

1.d4 Nf6 2.c4 g6 3.Nc3 Bg7 4.e4 O-O 5.Nf3 d6 6.Be2 e5 7.Be3 Ng4 8.Bg5 f6
9.Bh4 Nc6 10.d5 Ne7 11.Nd2 Nh6 12.f3 c5 13.Rb1 g5 14.Bf2 f5 15.Nf1 g4 16.Ng3 gxf3
17.Bxf3 Ng4 18.Nxf5 Nxf2 19.Nxe7+ Qxe7 20.Kxf2 Bg4 21.Ke2 Qg5 22.Kd3 Bxf3
23.gxf3 Qg2 24.Rf1 Qxh2 25.Qe2 Qh3 26.Rf2 Rf6 27.Rbf1 Raf8 28.Kc2 a6 29.Nd1 Bh6
30.Rh2 Qd7 31.Rfh1 Bf4 32.Qg2+ Kh8 33.Rxh7+ Qxh7 34.Rxh7+ Kxh7 35.Nf2 Rh6
36.Ng4 Rh4 37.a3 Kh8 38.b4 b6 39.Kb3 Bc1 40.bxc5 bxc5 41.Ka4 Rh7 42.Ka5 Rb8
43.Nf6 Rh6 44.Nd7 Rg8 45.Qa2 Bg5 46.Qb2 Rh7 47.Nb8 Bd8+ 48.Ka4 Bg5 49.Qb6 Rh6
50.Nd7 Rd8 51.Qc6 Bd2 52.Nb6 Rh3 53.Qc7 Bg5 54.Nc8 Rh7 55.Qc6 Rf7 56.Nxd6 Rf6
57.Qxc5 Rfxd6 58.Qg1 Bf6 59.c5 R6d7 60.c6 Rc7 61.Qc5 Be7 62.Qc3 Bd6 63.Qc1 Rh7
64.Qg5 Rf8 65.Qg6 Bc5 66.Qe6 Rxf3 67.Qxe5+ Kg8 68.Qe8+ Kg7 69.Qe5+ Kg8 70.Qe8+ Kg7
71.Qe5+ Kg6 72.Qe6+ Kg5 73.Qg8+ Kf4 74.Qb8+ Kxe4 75.Qb1+ Ke5 76.Qb8+ Kxd5
77.Qg8+ Rhf7 78.Qg5+ Kxc6 79.Qg6+ Kc7  0-1

[Event "Cracovia Open A"]
[Site "Krakow POL"]
[Date "2012.01.03"]
[Round "8.1"]
[White "Gavrilov,Al1"]
[Black "Moranda,W"]
[Result "1/2-1/2"]
[WhiteElo "2498"]
[BlackElo "2568"]

1.d4 Nf6 2.Nf3 g6 3.c4 Bg7 4.Nc3 O-O 5.e4 d6 6.Be2 e5 7.Be3 Nbd7 8.O-O Re8
9.d5 Nh5 10.g3 Bf8 11.Qd2 Ng7 12.Nh4 Be7 13.Ng2 f5 14.f3 a5 15.Bd3 Nf6  1/2-1/2

[Event "5th Costa Viola Open A"]
[Site "Palmi ITA"]
[Date "2012.01.03"]
[Round "4"]
[White "Pierandrei,C"]
[Black "Pisacane,P"]
[Result "0-1"]
[WhiteElo "1960"]
[BlackElo "2004"]

1.Nf3 Nf6 2.c4 g6 3.Nc3 Bg7 4.e4 d6 5.d4 O-O 6.Be2 e5 7.O-O Na6 8.Be3 Ng4
9.Bg5 f6 10.Bc1 c6 11.d5 c5 12.Ne1 Nh6 13.Nd3 f5 14.a3 f4 15.f3 Nf7 16.Bd2 h5
17.Kh1 Nh6 18.b4 b6 19.bxc5 Nxc5 20.Nxc5 bxc5 21.Rb1 g5 22.Qa4 g4 23.Qc6 g3
24.Be3 fxe3 25.hxg3 Bd7 26.Qxd6 Rf6 27.Qxc5 Rg6 28.Qxe3 Rxg3 29.Qg1 Qh4+
30.Qh2 Bh3 31.Rf2 Bxg2+ 32.Kg1 Bxf3+ 33.Kf1 Rh3 34.Qg1 Bg4 35.Bxg4 Nxg4 36.Rc2 Rf8+
37.Ke2 Qf2+ 38.Qxf2 Rxf2+ 39.Kd1 Rh1+  0-1

[Event "Donostia KO GpB"]
[Site "San Sebastian ESP"]
[Date "2012.01.03"]
[Round "5"]
[White "Franco Alonso,A"]
[Black "Cheparinov,I"]
[Result "1/2-1/2"]
[WhiteElo "2454"]
[BlackElo "2650"]

1.Nf3 Nf6 2.c4 g6 3.Nc3 Bg7 4.e4 d6 5.d4 O-O 6.Be2 e5 7.Be3 exd4 8.Nxd4 Re8
9.f3 c6 10.Qd2 d5 11.exd5 cxd5 12.c5 Nc6 13.Bf2 Re5 14.O-O Qf8 15.Bb5 Bd7
16.Rae1 Bh6 17.Qd1 Rae8 18.Rxe5 Rxe5 19.Re1 Qe8 20.Rxe5 Qxe5 21.Bxc6 bxc6
22.Qe2 Qxe2 23.Ncxe2 Ne8 24.Bg3 Be3+ 25.Kf1 Ng7 26.Bf4 Bxd4 27.Nxd4 Ne6 28.Nxe6 Bxe6
29.Bb8 a6 30.Be5 Kf8 31.Ke2 Ke7 32.g4 f6 33.Bd4 f5 34.h3 fxg4 35.fxg4 h5
36.gxh5 gxh5 37.h4 Bg4+ 38.Ke3 Ke6 39.Kf4 Bd1 40.Kg5 Be2 41.b4 Bd1 42.a4 Be2
43.Kg6 Kd7 44.Kf6  1/2-1/2

[Event "24th Staufer-Open"]
[Site "Schwaebisch Gmuend GER"]
[Date "2012.01.03"]
[Round "4"]
[White "Bluebaum,M"]
[Black "Dorst,J"]
[Result "0-1"]
[WhiteElo "2413"]
[BlackElo "2185"]

1.d4 Nf6 2.c4 g6 3.Nc3 Bg7 4.e4 d6 5.Nf3 O-O 6.Be2 e5 7.Be3 Ng4 8.Bg5 f6
9.Bh4 g5 10.Bg3 Nh6 11.dxe5 dxe5 12.Qc2 c6 13.Nd2 Na6 14.O-O-O Qe7 15.f3 Nc5
16.Bf2 Ne6 17.Nb3 b6 18.c5 b5 19.a4 a6 20.a5 Nf4 21.Bf1 Be6 22.Kb1 Rfd8 23.Rxd8+ Rxd8
24.g3 Ng6 25.Be2 g4 26.Rd1 gxf3 27.Bxf3 Ng4 28.Bg1 Bh6 29.Rxd8+ Qxd8 30.Nd1 Bf8
31.Qc3 Nh6 32.Nc1 Nf7 33.Ne3 Ng5 34.Bg2 Nh3 35.Bxh3 Bxh3 36.b4 Qd7 37.Qd3 Bh6
38.Qd6 Kf7 39.Nd3 Bf8 40.Qxd7+ Bxd7 41.g4 Nh4 42.Ne1 Kg6 43.h3 Kg5 44.N3g2 Nxg2
45.Nxg2 Kg6 46.Nh4+ Kg5 47.Ng2 h5 48.Be3+ Kg6 49.Nh4+ Kh7 50.gxh5 Bh6 51.Bxh6 Kxh6
52.Kc2 Kxh5 53.Nf3 Bxh3 54.Kd3 Be6 55.Ke3 Kg4 56.Ne1 Kg3 57.Nf3 Bg4 58.Ne1 Bh5
59.Nd3 Kg2 60.Ne1+ Kf1 61.Nd3 Be2 62.Nf2 Ke1 63.Nh1 Bg4 64.Kd3 Be6 65.Ng3 Kf2
66.Nh5 f5 67.Ng7 Bc4+ 68.Kd2 f4  0-1

[Event "17th Bosnjaci Open"]
[Site "Bosnjaci CRO"]
[Date "2012.01.04"]
[Round "3.3"]
[White "Bosnjak,N"]
[Black "Saric,S"]
[Result "1-0"]
[WhiteElo "2240"]
[BlackElo "2472"]

1.d4 Nf6 2.Nf3 g6 3.c4 Bg7 4.Nc3 O-O 5.e4 d6 6.Be2 Na6 7.O-O e5 8.d5 Nh5
9.Re1 Nf4 10.Bf1 Qe7 11.Rb1 c5 12.dxc6 bxc6 13.b4 Bb7 14.Qa4 Ne6 15.c5 Nac7
16.Be3 Nd4 17.Bxd4 exd4 18.cxd6 Qxd6 19.e5 Qd8 20.Rbd1 Ne6 21.Ne4 a5 22.Bc4 Qb6
23.Qb3 axb4 24.Bxe6 fxe6 25.Qxe6+ Kh8 26.Nfg5 Qc7 27.Nd6 h6 28.Rd3 c5 29.Qxg6 Bxe5
30.Ndf7+  1-0

[Event "Cracovia Comarch Cup"]
[Site "Krakow POL"]
[Date "2012.01.04"]
[Round "9.1"]
[White "Rajlich,I"]
[Black "Jakubiec,A"]
[Result "1-0"]
[WhiteElo "2428"]
[BlackElo "2534"]

1.d4 g6 2.c4 Bg7 3.e4 d6 4.Nc3 Nf6 5.Be2 O-O 6.Nf3 e5 7.O-O exd4 8.Nxd4 Nc6
9.Be3 Re8 10.f3 Nh5 11.f4 Nf6 12.Bf3 Bd7 13.Re1 Nxd4 14.Bxd4 Bc6 15.b4 h5
16.h3 Bd7 17.Qd3 a5 18.b5 c5 19.Bf2 Nh7 20.Rad1 Nf8 21.Ne2 f5 22.exf5 Bxf5
23.Qxd6 Qxd6 24.Rxd6 Be4 25.Nd4 Bxf3 26.Nxf3 a4 27.Kf1 Rxe1+ 28.Nxe1 Re8
29.Nd3 Re4 30.Nxc5 Rxc4 31.Nxb7 a3 32.Rd3 Rc1+ 33.Be1 Ne6 34.Rxa3 Nd4 35.Ra8+ Kh7
36.Re8 Nc2 37.Nc5 Rb1 38.Re2 Nd4 39.Re7 Nf5 40.Rc7 Kh6 41.g4 hxg4 42.hxg4 Ne3+
43.Ke2 Nd5 44.g5+ Kh7 45.Rb7 Nxf4+ 46.Kf3 Rxe1 47.Kxf4 Kg8 48.a4 Be5+ 49.Kf3 Bd4
50.Ne4 Re3+ 51.Kf4 Ra3 52.Nf6+ Kf8 53.Ke4  1-0

[Event "5th Costa Viola Open A"]
[Site "Palmi ITA"]
[Date "2012.01.04"]
[Round "6"]
[White "Pierandrei,C"]
[Black "Giuliano,Vincenzo"]
[Result "1/2-1/2"]
[WhiteElo "1960"]
[BlackElo "1891"]

1.Nf3 Nf6 2.c4 g6 3.Nc3 Bg7 4.e4 d6 5.d4 O-O 6.Be2 e5 7.O-O exd4 8.Nxd4 Nc6
9.Be3 Re8 10.f3 Nd7 11.Qd2 a6 12.Rac1 Nf6 13.Rfd1 Nh5 14.Nxc6 bxc6 15.g4 Nf6
16.Bg5 Qd7 17.c5 d5 18.Bxf6 Bxf6 19.exd5 Bxc3 20.Rxc3 cxd5 21.c6 Qe7 22.Bf1 Be6
23.Qd4 Rab8 24.b3 Rb4 25.Qe5 a5 26.g5 Rd8 27.Bd3 Qd6 28.Qxd6 Rxd6 29.Rc5 a4
30.Bc2 axb3 31.Bxb3 Rf4 32.Kg2 Rf5 33.h4 Kg7 34.Bc2 Rf4 35.Kg3 Rb4 36.a4 Rb6
37.a5 Rbxc6 38.Rxc6 Rxc6 39.Bd3 Rc3 40.Bf1 Ra3 41.Rc1 Rxa5 42.Rxc7 Ra1 43.Bh3 Bxh3
44.Kxh3 d4 45.Rd7 Rd1 46.Kg3 d3 47.Kf2 d2 48.Ke2 Rh1 49.Kxd2 Rxh4 50.Ke3 h6
51.gxh6+ Rxh6 52.Kf4 Rh7 53.Re7 Rh8 54.Rb7 Re8 55.Ra7 Re6 56.Rb7 Kf6 57.Rb5 Rc6
58.Rb4 g5+ 59.Kg4 Kg6 60.Rb5 Rc4+ 61.Kg3 f6 62.Ra5 Rf4 63.Rb5 Rf5 64.Rb4 Re5
65.Ra4 Re6 66.Ra5 f5 67.Rb5 Rf6 68.Rb1 Rd6 69.Rb5 Kf6 70.Ra5 Re6 71.Rb5 Re3
72.Rb6+ Ke5 73.Rb5+ Ke6 74.Rb6+ Kf7 75.Rb5 Kg6 76.Kf2 f4 77.Rb8 Re5 78.Kg2 Re2+
79.Kh3 Re1 80.Kg2 Re2+ 81.Kh3 Rf2 82.Rb3 Re2 83.Rb8 Rf2 84.Rb3 Kf5 85.Rb5+ Kf6
86.Rb3 Ke5 87.Rb5+ Kf6 88.Rb3 Ke6 89.Ra3 Kd6 90.Ra6+ Kc7 91.Kg4 Rg2+ 92.Kf5 Rg3
93.Rg6  1/2-1/2

[Event "XXIII Roquetas Open"]
[Site "Roquetas de Mar ESP"]
[Date "2012.01.04"]
[Round "5"]
[White "Mirzoev,A"]
[Black "Paunovic,D"]
[Result "1/2-1/2"]
[WhiteElo "2523"]
[BlackElo "2520"]

1.d4 d6 2.c4 Nf6 3.Nc3 g6 4.e4 Bg7 5.Be2 O-O 6.Nf3 e5 7.dxe5 dxe5 8.Qxd8 Rxd8
9.Bg5 Re8 10.Nd5 Nxd5 11.cxd5 c6 12.Bc4 cxd5 13.Bxd5 Nc6 14.O-O-O Nd4 15.Nxd4 exd4
16.f3 Be6 17.Bxe6 Rxe6 18.Kb1 f5 19.exf5 gxf5 20.Rd2 Rae8 21.Rc1 Re1 22.Rxe1 Rxe1+
23.Kc2 Kf7 24.Rd1 Re2+ 25.Rd2 Re1 26.Rd1 Re2+ 27.Rd2 d3+ 28.Kxd3 Rxd2+ 29.Bxd2 Bxb2
30.a4 Ke6 31.g4 fxg4 32.fxg4 Bf6 33.Ke4 a6 34.g5 Be7 35.h4 b5 36.axb5 axb5
37.h5 Kf7 38.g6+ hxg6 39.hxg6+ Kxg6 40.Kd5  1/2-1/2

[Event "24th Staufer-Open"]
[Site "Schwaebisch Gmuend GER"]
[Date "2012.01.04"]
[Round "5"]
[White "Krotschak,J"]
[Black "Bravo Lutz,S"]
[Result "0-1"]
[WhiteElo "2131"]
[BlackElo "2245"]

1.d4 Nf6 2.c4 g6 3.Nf3 Bg7 4.Nc3 O-O 5.e4 d6 6.Be2 Nbd7 7.O-O e5 8.Be3 c6
9.dxe5 dxe5 10.Nd2 Qe7 11.Qc1 Nc5 12.b4 Ne6 13.Rb1 Nd4 14.f3 Nh5 15.Re1 Qh4
16.Nb3 Ne6 17.Bf2 Qe7 18.Nc5 Nd4 19.Bf1 Bf6 20.Ne2 Bg5 21.Qc3 Nxe2+ 22.Bxe2 Re8
23.Bf1 Ng7 24.Be3 b6 25.Nb3 h5 26.c5 b5 27.Na5 Bxe3+ 28.Rxe3 Qc7 29.Rd3 Bd7
30.Rbd1 Re7 31.Qd2 Be8 32.Rd6 Ne6 33.Qh6 a6 34.R1d2 Nxc5 35.g4 hxg4 36.bxc5 Qxa5
37.fxg4 Qb4 38.Qe3 Raa7 39.h4 Rad7 40.a3 Qb1 41.h5 Qc1 42.Qf2 Qxa3 43.h6 Rxd6
44.cxd6 Rd7 45.Rd3 Qc1 46.Qf6 Qxh6 47.Rh3 Qg7 48.Qf2 Rxd6 49.Qc5 Qf6  0-1

[Event "XLI Rilton Cup 2011-12"]
[Site "Stockholm SWE"]
[Date "2012.01.04"]
[Round "8"]
[White "Arjun,B"]
[Black "Ask,J"]
[Result "1-0"]
[WhiteElo "2178"]
[BlackElo "2207"]

1.Nf3 Nf6 2.c4 g6 3.Nc3 Bg7 4.e4 d6 5.d4 O-O 6.Be2 e5 7.O-O exd4 8.Nxd4 Re8
9.f3 c6 10.Be3 d5 11.cxd5 Nxd5 12.Bf2 Nf4 13.Kh1 Nd7 14.g3 Nxe2 15.Qxe2 Ne5
16.Rad1 Qe7 17.Qc2 Bh3 18.Rfe1 Rad8 19.f4 Ng4 20.Bg1 h5 21.Nf3 Rxd1 22.Nxd1 Nf6
23.Bc5 Qd7 24.Nf2 b6 25.Ba3 c5 26.Rd1 Qc8 27.Nxh3 Qxh3 28.e5 Nh7 29.b3 Qg4
30.Kg2 Nf8 31.Bc1 Qc8 32.Ng5 Ne6 33.Nxe6 Qxe6 34.Rd6 Qc8 35.Qd3 Qb7+ 36.Kg1 Rc8
37.Be3 Bf8 38.Rd7 Rc7 39.e6 f5 40.Bc1 Bg7 41.e7 Kf7 42.Qc4+ Ke8 43.Qg8+ Kxd7
44.e8=Q+  1-0

[Event "Donostia GpC"]
[Site "San Sebastian ESP"]
[Date "2012.01.05"]
[Round "6.3"]
[White "Franco Alonso,A"]
[Black "Strikovic,A"]
[Result "1/2-1/2"]
[WhiteElo "2454"]
[BlackElo "2564"]

1.d4 Nf6 2.c4 g6 3.Nc3 Bg7 4.e4 d6 5.Nf3 O-O 6.Be2 e5 7.Be3 Na6 8.O-O Ng4
9.Bg5 Qe8 10.Re1 c6 11.h3 f6 12.Bc1 Nh6 13.Rb1 Nf7 14.b4 Nc7 15.b5 c5 16.dxc5 dxc5
17.a4  1/2-1/2

[Event "17th Bosnjaci Open"]
[Site "Bosnjaci CRO"]
[Date "2012.01.06"]
[Round "5.16"]
[White "Brigljevic,M"]
[Black "Bajlo,K"]
[Result "1-0"]
[WhiteElo "2278"]
[BlackElo "2126"]

1.d4 Nf6 2.Nf3 g6 3.c4 Bg7 4.Nc3 d6 5.e4 O-O 6.Be2 e5 7.dxe5 dxe5 8.Bg5 Nbd7
9.Qd2 c6 10.Rd1 Qc7 11.h3 Re8 12.Bh6 Nc5 13.Bxg7 Kxg7 14.Qe3 Ne6 15.g3 Qb6
16.Qxb6 axb6 17.b3 Nd4 18.Nxd4 exd4 19.Rxd4 c5 20.Rd6 Nxe4 21.Nxe4 Rxe4 22.a4 Bf5
23.Kd2 Re6 24.Rxe6 Bxe6 25.Kc3 Rd8 26.Bf3 Bc8 27.h4 Rd6 28.Bd5 Kf8 29.Re1 Rd7
30.b4 Rc7 31.bxc5 bxc5 32.Rb1 Ke7 33.Rb6 Kd8 34.g4 Bd7 35.a5 Kc8 36.g5 Bc6
37.a6 Kb8 38.Bxc6 Rxc6 39.Rxb7+ Kc8 40.Rxf7 Rxa6 41.Rxh7 Ra3+ 42.Kd2 Rf3
43.Ke2 Rf4 44.h5  1-0

[Event "Northern California International"]
[Site "Fremont USA"]
[Date "2012.01.06"]
[Round "7"]
[White "Sevillano,E"]
[Black "Abrahamyan,T"]
[Result "1-0"]
[WhiteElo "2490"]
[BlackElo "2287"]

1.d4 Nf6 2.c4 g6 3.Nc3 Bg7 4.e4 d6 5.Nf3 O-O 6.Be2 e5 7.O-O Na6 8.dxe5 dxe5
9.Be3 Ng4 10.Bg5 Qe8 11.h3 h6 12.Bd2 Nf6 13.Qc1 Nc5 14.Bxh6 Ncxe4 15.Nxe4 Nxe4
16.Bxg7 Kxg7 17.Qe3 Nf6 18.Nxe5 Bf5 19.Bf3 c6 20.Qc3 Be6 21.Rfe1 Qe7 22.Re3 Rad8
23.Bg4 Rd6 24.c5 Rd5 25.Nxf7 Rxc5 26.Rxe6  1-0

[Event "2nd Mantova Open A 2012"]
[Site "Mantova ITA"]
[Date "2012.01.06"]
[Round "7"]
[White "Naumkin,I"]
[Black "Xia,J"]
[Result "1-0"]
[WhiteElo "2443"]
[BlackElo "2269"]

1.d4 Nf6 2.Nf3 g6 3.c4 Bg7 4.Nc3 O-O 5.e4 d6 6.Be2 e5 7.d5 a5 8.Bg5 h6 9.Bh4 Na6
10.Nd2 Bd7 11.O-O Qe8 12.b3 h5 13.f3 Nh7 14.a3 Bh6 15.Rb1 Be3+ 16.Bf2 Bc5
17.Bxc5 dxc5 18.Qc1 Qe7 19.Nd1 f5 20.exf5 Bxf5 21.Rb2 Qg5 22.Qc3 b6 23.Nf2 Nf6
24.Re1 Rae8 25.Bf1 Qf4 26.Nde4 Bxe4 27.Nxe4 Nb8 28.Rbe2 Nbd7 29.Qd3 Qf5 30.Nxf6+ Rxf6
31.Qc3 Rf7 32.Re3 Rfe7 33.Bd3 Qf6 34.Bc2 Kg7 35.Re4 Rf7 36.h4 Ref8 37.R1e3 Kg8
38.Qe1 Rg7 39.Re2 g5 40.Kh2 g4 41.fxg4 hxg4 42.Qg3 Rff7 43.Rxg4 Qd6 44.Bg6 Re7
45.Bf5 Nf6 46.Rxg7+ Rxg7 47.Qxe5 Qxe5+ 48.Rxe5 a4 49.bxa4 Rg4 50.Re8+  1-0

[Event "XXIII Roquetas Open"]
[Site "Roquetas de Mar ESP"]
[Date "2012.01.06"]
[Round "8"]
[White "Malakhatko,V"]
[Black "Paunovic,D"]
[Result "1/2-1/2"]
[WhiteElo "2524"]
[BlackElo "2520"]

1.d4 Nf6 2.c4 g6 3.Nc3 Bg7 4.e4 d6 5.Nf3 O-O 6.Be2 e5 7.O-O c6 8.d5 Na6 9.Ne1 Nc5
10.f3 a5 11.Be3 cxd5 12.cxd5 Nh5 13.g3 b6 14.Ng2 Bh3 15.Qd2 f5 16.Bg5 Nf6
17.exf5 gxf5 18.Rf2 Qd7 19.Rb1 Kh8 20.b4 axb4 21.Rxb4 Bxg2 22.Kxg2 f4 23.Bxf6 Bxf6
24.Ne4 Nxe4 25.fxe4 Bg5 26.Qd3 fxg3 27.Rxf8+ Rxf8 28.hxg3 Qc7 29.Rb1  1/2-1/2

[Event "TCh-CZE Extraliga 2011-12"]
[Site "Czech Republic CZE"]
[Date "2012.01.07"]
[Round "5.1"]
[White "Ftacnik,L"]
[Black "Dziuba,M"]
[Result "0-1"]
[WhiteElo "2570"]
[BlackElo "2592"]

1.d4 Nf6 2.Nf3 g6 3.c4 Bg7 4.Nc3 d6 5.e4 O-O 6.Be2 e5 7.O-O Na6 8.Re1 Qe8
9.dxe5 dxe5 10.b3 Nc5 11.Ba3 Ncxe4 12.Nxe4 Nxe4 13.Bxf8 Qxf8 14.Qc2 Nc5 15.Rad1 a5
16.h3 Bd7 17.Bf1 Re8 18.Rd5 e4 19.Rxd7 Nxd7 20.Rxe4 Rxe4 21.Qxe4 Nc5 22.Qe3 c6
23.Ne1 Qd6 24.Nd3 Bd4 25.Qf3 Ne6 26.h4 h5 27.g3 Nc5 28.Kg2 Kf8 29.Nxc5 Bxc5
30.Bd3 Ke7 31.Qe2+ Kd8 32.Bc2 Kc7 33.Qd3 Kb6 34.Qxd6 Bxd6 35.Kf1 Kc5 36.Bd1 f5
37.Ke2 Kd4 38.a4 Kc3 39.Ke3 Be5 40.Ke2 Bd4 41.Ke1 Kb2 42.f3 Be5 43.g4 fxg4
44.fxg4 hxg4 45.Kf2 g3+ 46.Kg2 Kc1 47.Bg4 Kc2 48.Bc8 Kxb3 49.Bxb7 c5 50.Be4 Kxa4
51.Bxg6 Kb3  0-1